Kalkulácie a rozpočty podniku

Uložené v:
Podrobná bibliografia
Hlavný autor: Kostková, Albína, 1951-
Korporativný autor: Ekonomická univerzita v Bratislave. Podnikovohospodárska fakulta so sídlom v Košiciach
Ďalší autori: Lajoš, Branislav, Bajus, Radoslav, Czillingová, Jana
Médium: Kniha
Jazyk:Slovak
Vydavateľské údaje: Bratislava Vydavateľstvo EKONÓM 2011
Predmet:
Tagy: Pridať tag
Žiadne tagy, Buďte prvý, kto otaguje tento záznam!

MARC

LEADER 00000nam a2200000 4500
001 0142748
005 20240502072546.8
020 |a 978-80-225-3240-2 
041 0 |a slo 
044 |a SK 
245 1 0 |a Kalkulácie a rozpočty podniku  |c Albína Kostková, Branislav Lajoš 
264 1 |a Bratislava  |b Vydavateľstvo EKONÓM  |c 2011 
300 |a 195 s. [7,965 AH] 
610 2 0 |a kalkulácia nákladov 
610 2 0 |a kalkulácia 
610 2 0 |a rozpočty 
610 2 0 |a tvorba cien 
610 2 0 |a ceny 
610 2 0 |a rozpočtovníctvo 
610 2 0 |a stratégia podnikateľská 
100 1 |a Kostková, Albína, 1951- 
700 1 |a Lajoš, Branislav 
700 1 |a Bajus, Radoslav 
700 1 |a Czillingová, Jana 
710 2 |a Ekonomická univerzita v Bratislave. Podnikovohospodárska fakulta so sídlom v Košiciach